Most Streamed Spotify Artist From Each U.S. State - Statistics

General Stats
  • This quiz has been taken 71 times
    41 since last reset
  • The average score is 26 of 40
Answers on the Map
Answers color-coded by a green-red scale on the quiz's map according to % correct below.
 
Answer Stats
Rank Streams Artist Birthplace/Origin State % Correct
11 42.2 b Billie Eilish Los Angeles California
100%
71 16.4 b OneRepublic Colorado Springs Colorado
100%
20 31.5 b Bruno Mars Honolulu Hawaii
100%
18 32.9 b Imagine Dragons Las Vegas Nevada
100%
92 13.2 b Demi Lovato Albuquerque New Mexico
100%
14 35.5 b Travis Scott Houston Texas
100%
9 42.9 b Kanye West Atlanta Georgia
97%
19 32.7 b Juice WRLD Chicago Illinois
97%
6 49.5 b Ariana Grande Boca Raton Florida
91%
76 15.5 b $uicideboy$ New Orleans Louisiana
91%
65 17.5 b Twenty One Pilots Columbus Ohio
91%
351 5.7 b Alec Benjamin Phoenix Arizona
84%
10 42.9 b Post Malone Syracuse New York
84%
692 3.2 b Aminé Portland Oregon
84%
79 15.3 b Michael Jackson Gary Indiana
81%
66 17.3 b Miley Cyrus Franklin Tennessee
81%
1 94 b Taylor Swift West Reading Pennsylvania
75%
214 8.3 b Slipknot Des Moines Iowa
72%
245 7.5 b Bryson Tiller Louisville Kentucky
72%
911 2.5 b Arizona Zervas Providence Rhode Island
72%
161 10 b Ava Max Milwaukee Wisconsin
72%
143 10.6 b John Mayer Bridgeport Connecticut
69%
105 12.1 b Nirvana Aberdeen Washington
66%
478 4.4 b Bob Dylan Duluth Minnesota
63%
64 18.1 b Halsey Edison New Jersey
63%
7 47.1 b Eminem St. Joseph Missouri
59%
122 11.5 b Wiz Khalifa Minot North Dakota
53%
310 6.3 b Gucci Mane Bessemer Alabama
41%
94 13.1 b Luke Combs Huntersville North Carolina
38%
515 4.1 b Blake Shelton Ada Oklahoma
38%
800 2.8 b Lee Brice Sumter South Carolina
38%
167 9.8 b Logic Rockville Maryland
34%
136 10.9 b Britney Spears McComb Mississippi
34%
862 2.6 b Portugal. The Man Wasilla Alaska
28%
45 22.2 b Chris Brown Tappahannock Virginia
28%
145 10.3 b Nicky Jam Lawrence Massachusetts
25%
266 6.9 b Ne-Yo Camden Arkansas
22%
123 11.5 b NF Gladwin Michigan
22%
739 3 b Bill Withers Slab Fork West Virginia
22%
264 7 b Noah Kahan Strafford Vermont
19%
No matching quizzes found
Score Distribution
Percent of People with Each Score
Percentile by Number Answered
Your Score History
You have not taken this quiz since the last reset